| 000 | 01697nas a2200277Ia 4500 | ||
|---|---|---|---|
| 001 | R200-R1806 | ||
| 003 | IT-CnALBA | ||
| 008 | 170116c99999999xx |||||||||||| ||und|| | ||
| 040 |
_aIT-CnALBA _cIT-CnALBA |
||
| 041 | _aITALIANO | ||
| 100 | _aCAVEDO ROMEO | ||
| 210 | _aCREDERE OGGI | ||
| 222 | _aCREDERE OGGI | ||
| 245 | 0 | _aCREDERE OGGI. PARADISO COMPIMENTO DEL REGNO. N. I. ANNO X. GENNAIO FEBBRAIO 1990. (55). | |
| 250 | _a1a ed. | ||
| 260 |
_a PADOVA _bMESSAGGERO EDIZIONI _c1990 |
||
| 300 | _a128 p. | ||
| 310 | _aBIMESTRALE | ||
| 362 | _aFascicolo: 1 / Anno: 10 (1990) | ||
| 500 | _aORIENTAMENTO AGGIORNAMENTO TEOLOGIA. EDITORIALE. RIZZI A. TERRIN A.N. ZANON G. POLONIATO L. PANTEGHINI G. FRANCHINI E. INVITO ALLA LETTURA. BIBLIOGRAFIA. PARADISO CRISTIANO. MESSIANISMI LAICI. PARADISO NOSTALGIA E STORIA DELLE RELIGIONI. REGNO DI DIO NELL'ANTICO E NUOVO TESTAMENTO. LITURGIA ANTICIPAZIONE DEL MISTERO DEL REGNO DI DIO. PARADISO STORIA E DOTTRINA. PROMOZIONE UMANA E PROMOZIONE DEL REGNO. ANNUNZIO DEL PARADISO E DEL REGNO. | ||
| 501 | _aSocietà San Paolo EM - Piazza San Paolo, 14 - 12051 ALBA (CN) (non commercial uses only) ® Copyright 2017 | ||
| 520 | _aORIENTAMENTO AGGIORNAMENTO TEOLOGIA. EDITORIALE. RIZZI A. TERRIN A.N. ZANON G. POLONIATO L. PANTEGHINI G. FRANCHINI E. INVITO ALLA LETTURA. BIBLIOGRAFIA. PARADISO CRISTIANO. MESSIANISMI LAICI. PARADISO NOSTALGIA E STORIA DELLE RELIGIONI. REGNO DI DIO NELL'ANTICO E NUOVO TESTAMENTO. LITURGIA ANTICIPAZIONE DEL MISTERO DEL REGNO DI DIO. PARADISO STORIA E DOTTRINA. PROMOZIONE UMANA E PROMOZIONE DEL REGNO. ANNUNZIO DEL PARADISO E DEL REGNO. | ||
| 650 | _aMISCELLANEA DI RELIGIONE | ||
| 942 | _cCR | ||
| 957 | _71 | ||
| 999 |
_a11784 _bNO _g1 _c319881 _d319881 |
||